[Event "23rd EUR-ch"]
[Site "Vrnjacka Banja SRB"]
[Date "2023.03.09"]
[Round "7.170"]
[White "Panic, Nenad"]
[Black "Vujcic, Milena"]
[Result "1/2-1/2"]
[WhiteElo "2295"]
[BlackElo "2072"]
[EventDate "2023.03.03"]
[PlyCount "119"]

1.Nf3 Nf6 2.b3 g6 3.Bb2 Bg7 4.c4 d6 5.e3 O-O 6.d3 e5 7.Nbd2 Nbd7 8.Be2 Re8
9.Qc2 c6 10.O-O d5 11.cxd5 cxd5 12.Rac1 b6 13.Qb1 Ba6 14.Rfd1 Rc8 15.Bf1 
Bb7 16.b4 Qe7 17.a3 Ng4 18.h3 Nh6 19.Rxc8 Rxc8 20.Rc1 Rxc1 21.Qxc1 Qd6 22.
Nb3 f5 23.b5 Nf7 24.Be2 Nc5 25.Nxc5 bxc5 26.a4 e4 27.Nd2 Bxb2 28.Qxb2 d4 
29.exd4 cxd4 30.dxe4 fxe4 31.Bc4 Kf8 32.Ba2 e3 33.fxe3 dxe3 34.Nf1 Qd1 35.
Qa3+ Nd6 36.Qxe3 Qxa4 37.Qc5 Qxa2 38.Qxd6+ Kg7 39.Qd7+ Qf7 40.Qd4+ Kh6 41.
Qxa7 Qd5 42.Qe3+ Kg7 43.Qe2 Qc5+ 44.Ne3 h5 45.Qd3 Qc1+ 46.Kf2 Qb2+ 47.Qe2 
Qd4 48.Qc2 Bxg2 49.Kxg2 Qxe3 50.Qb2+ Kh7 51.b6 Qe4+ 52.Kg1 Qe3+ 53.Kg2 
Qe4+ 54.Kf2 Qf4+ 55.Ke1 Qe3+ 56.Kd1 Qd3+ 57.Kc1 Qf1+ 58.Kc2 Qe2+ 59.Kc3 
Qe5+ 60.Kc2 1/2-1/2

[Event "23rd EUR-ch"]
[Site "Vrnjacka Banja SRB"]
[Date "2023.03.09"]
[Round "7.171"]
[White "Simonovic, Miroslav"]
[Black "Ozsac, Samet Harun"]
[Result "0-1"]
[WhiteElo "2115"]
[BlackElo "2293"]
[EventDate "2023.03.03"]
[PlyCount "128"]

1.d4 Nf6 2.Bg5 c5 3.Bxf6 gxf6 4.c3 Qb6 5.Qc2 f5 6.g3 Bg7 7.Nf3 d6 8.Bg2 
Nd7 9.e3 Nf6 10.O-O Ne4 11.d5 e6 12.Rd1 Bd7 13.Na3 Qc7 14.c4 a6 15.Nd2 
Nxd2 16.Qxd2 e5 17.b4 O-O 18.Bf1 f4 19.exf4 e4 20.Rab1 b6 21.Nc2 Ba4 22.f5
Qe7 23.Re1 Bd7 24.bxc5 bxc5 25.Rb7 Rab8 26.Reb1 Rxb7 27.Rxb7 Rd8 28.Bh3 
Qf6 29.Qa5 Bc8 30.Rb8 Rf8 31.Ne3 Bh6 32.Ng4 Qa1+ 33.Kg2 Bg5 34.f6 h5 35.
Rxc8 Rxc8 36.Nh6+ Bxh6 37.Bxc8 Qxf6 38.Qa3 a5 39.h4 a4 40.f4 Qd4 41.Qc1 
Qd3 42.Bf5 Qf3+ 43.Kh3 e3 44.Bd3 e2 45.Bxe2 Qxe2 46.Qc3 Qf1+ 47.Kh2 Bg7 
48.Qc2 Bd4 49.Qg2 Qxg2+ 50.Kxg2 f5 51.Kf3 Kf7 52.Ke2 Ke7 53.Kf3 Kd7 54.Ke2
Kc7 55.Ke1 Kb6 56.Ke2 Ka5 57.a3 Bb2 58.Kd3 Bxa3 59.Kc2 Kb6 60.g4 fxg4 61.
f5 Kc7 62.f6 Kd7 63.f7 Ke7 64.f8=Q+ Kxf8 0-1

[Event "23rd EUR-ch"]
[Site "Vrnjacka Banja SRB"]
[Date "2023.03.09"]
[Round "7.172"]
[White "Irizanin, Radoje"]
[Black "Farkas, Sandor"]
[Result "1/2-1/2"]
[WhiteElo "2288"]
[BlackElo "2064"]
[EventDate "2023.03.03"]
[PlyCount "26"]

1.c4 Nf6 2.Nc3 g6 3.g3 Bg7 4.Bg2 O-O 5.e4 d6 6.Nge2 c5 7.O-O Nc6 8.d3 Nd4 
9.Nxd4 cxd4 10.Ne2 Nd7 11.Rb1 a5 12.f4 f5 13.b3 Nc5 1/2-1/2

[Event "23rd EUR-ch"]
[Site "Vrnjacka Banja SRB"]
[Date "2023.03.09"]
[Round "7.173"]
[White "Vujic, Mihailo"]
[Black "Alexakis, Dimitrios"]
[Result "0-1"]
[WhiteElo "2281"]
[BlackElo "2024"]
[EventDate "2023.03.03"]
[PlyCount "90"]

1.e4 c5 2.c3 d5 3.exd5 Nf6 4.Qa4+ Nbd7 5.c4 b5 6.Qxb5 Rb8 7.Qa4 e6 8.dxe6 
fxe6 9.Nf3 Bd6 10.Be2 Bb7 11.d3 O-O 12.Nc3 Ne5 13.Qc2 Nfg4 14.Be3 Bxf3 15.
gxf3 Nxe3 16.fxe3 Qh4+ 17.Kd2 Nxf3+ 18.Bxf3 Rxf3 19.Raf1 Rf2+ 20.Rxf2 
Qxf2+ 21.Kc1 Qxe3+ 22.Kb1 Be5 23.Rf1 Rd8 24.Rd1 Rf8 25.Qd2 Qh3 26.Ne4 Rb8 
27.b3 Bd4 28.Qe2 h6 29.Re1 Rf8 30.a3 Rf3 31.Rd1 Re3 32.Qc2 Qf3 33.Ka2 Re2 
34.Rd2 Re1 35.b4 cxb4 36.axb4 a5 37.c5 a4 38.Nc3 Qd5+ 39.Kb2 Qe5 40.c6 
Bxc3+ 41.Qxc3 Rb1+ 42.Kxb1 Qxc3 43.Rc2 Qxb4+ 44.Ka1 Qb3 45.Rc1 a3 0-1

[Event "23rd EUR-ch"]
[Site "Vrnjacka Banja SRB"]
[Date "2023.03.09"]
[Round "7.174"]
[White "Rahmanidis, Petros"]
[Black "Bjelanovic, Mile"]
[Result "1-0"]
[WhiteElo "2278"]
[BlackElo "2017"]
[EventDate "2023.03.03"]
[PlyCount "83"]

1.e4 c5 2.Nf3 d6 3.d4 cxd4 4.Nxd4 Nf6 5.Nc3 a6 6.Bg5 Nbd7 7.Qe2 h6 8.Bh4 
g6 9.f4 e5 10.fxe5 dxe5 11.O-O-O Qc7 12.Nb3 Bg7 13.g4 b5 14.Kb1 Nb6 15.
Bxf6 Bxf6 16.h4 h5 17.Qf2 Be7 18.gxh5 Rxh5 19.Be2 Rh6 20.Rhf1 Bxh4 21.
Bxb5+ Kf8 22.Qe3 Kg7 23.Be2 Be6 24.Nc5 Bc4 25.Nd3 Rb8 26.b3 Be6 27.Nb2 Be7
28.Nd5 Qc5 29.Qg3 Bd6 30.Nd3 Qa5 31.Nxb6 Rxb6 32.Nb2 Rh3 33.Qg5 Rh2 34.
Qf6+ Kg8 35.Rh1 Rh3 36.Rxh3 Bxh3 37.Rxd6 Rb8 38.Rd1 Rc8 39.Nc4 Qc3 40.Qxe5
Rxc4 41.Qe8+ Kg7 42.Bxc4 1-0

[Event "23rd EUR-ch"]
[Site "Vrnjacka Banja SRB"]
[Date "2023.03.09"]
[Round "7.175"]
[White "Horvat, Damjan"]
[Black "Micic, Aleksa"]
[Result "0-1"]
[WhiteElo "2095"]
[BlackElo "2273"]
[EventDate "2023.03.03"]
[PlyCount "104"]

1.e4 c5 2.Nf3 d6 3.Bb5+ Bd7 4.Bxd7+ Qxd7 5.c4 Nf6 6.Nc3 Nc6 7.d4 cxd4 8.
Nxd4 g6 9.b3 Bg7 10.Bb2 Qg4 11.Qxg4 Nxg4 12.Nxc6 bxc6 13.Ke2 O-O 14.f3 Ne5
15.f4 Nd7 16.Na4 Bxb2 17.Nxb2 f5 18.exf5 Rxf5 19.Nd3 a5 20.g4 Rff8 21.h3 
c5 22.Kd2 Nb8 23.Kc3 Nc6 24.a3 Rab8 25.Rhf1 Rf7 26.Rf2 Kg7 27.Rb1 h6 28.b4
axb4+ 29.axb4 cxb4+ 30.Nxb4 e5 31.f5 gxf5 32.gxf5 Nxb4 33.Rxb4 Rxb4 34.
Kxb4 Kf6 35.Kb5 e4 36.Kc6 Ke5 37.Rd2 Rxf5 38.Rd5+ Kf4 39.Rxd6 e3 40.Re6 
Re5 41.Rf6+ Ke4 42.Rf1 e2 43.Re1 Kd3 44.Kd6 Kd2 45.Rh1 e1=Q 46.Rxe1 Rxe1 
47.c5 Rh1 48.c6 Rxh3 49.c7 Rc3 50.Kd7 h5 51.c8=Q Rxc8 52.Kxc8 h4 0-1

[Event "23rd EUR-ch"]
[Site "Vrnjacka Banja SRB"]
[Date "2023.03.09"]
[Round "7.176"]
[White "Pousada Garcia, Daniel"]
[Black "Stojanovic, Andjelija"]
[Result "1/2-1/2"]
[WhiteElo "2050"]
[BlackElo "2262"]
[EventDate "2023.03.03"]
[PlyCount "85"]

1.e4 c5 2.Nf3 d6 3.c3 Nf6 4.Be2 Nbd7 5.Qc2 Qc7 6.O-O g6 7.d4 cxd4 8.Nxd4 
Bg7 9.Be3 a6 10.c4 O-O 11.f3 e5 12.Nb3 d5 13.exd5 Nxd5 14.Bc5 Nxc5 15.cxd5
b6 16.Nxc5 Bf5 17.Qc1 bxc5 18.Nc3 Rfd8 19.Rd1 Rab8 20.Bxa6 Qb6 21.Bb5 c4+ 
22.Kh1 Bd3 23.b3 e4 24.bxc4 f5 25.Rxd3 exd3 26.Qd2 Qa5 27.Rc1 Rxb5 28.cxb5
Rxd5 29.Qe3 Rd8 30.Nd1 Qxb5 31.Rc8 Rxc8 32.Qe6+ Kf8 33.Qxc8+ Kf7 34.Qc7+ 
Kg8 35.Qc8+ Bf8 36.Qc3 Qe8 37.Qc4+ Kh8 38.Qd4+ Bg7 39.Qe3 Qd7 40.Qd2 Qb5 
41.Nf2 Qb1+ 42.Qd1 Qxa2 43.Qxd3 1/2-1/2

[Event "23rd EUR-ch"]
[Site "Vrnjacka Banja SRB"]
[Date "2023.03.09"]
[Round "7.177"]
[White "Taspinar, Yanki"]
[Black "Peric, Slavisa"]
[Result "1-0"]
[WhiteElo "2262"]
[BlackElo "1980"]
[EventDate "2023.03.03"]
[PlyCount "60"]

1.d4 e6 2.c4 Bb4+ 3.Bd2 Bxd2+ 4.Qxd2 d5 5.Nc3 Nf6 6.e3 c6 7.Bd3 Nbd7 8.
cxd5 exd5 9.Nge2 Qe7 10.O-O O-O 11.Ng3 g6 12.Rfe1 Qd6 13.Rad1 h5 14.f3 Kg7
15.Bb1 h4 16.Nf1 Nh5 17.Qf2 g5 18.e4 Nf4 19.e5 Qh6 20.Ne3 Nb6 21.Bf5 Be6 
22.Qc2 Nd7 23.Kf2 Kh8 24.Ng4 Qg7 25.Ne2 Ng6 26.Bxg6 fxg6 27.h3 Rf7 28.Qd2 
Rf5 29.Kg1 Qe7 30.Qc1 Kg7 1-0

[Event "23rd EUR-ch"]
[Site "Vrnjacka Banja SRB"]
[Date "2023.03.09"]
[Round "7.178"]
[White "Andreev, Stanislav"]
[Black "Selbes, Tarik"]
[Result "0-1"]
[WhiteElo "2016"]
[BlackElo "2255"]
[EventDate "2023.03.03"]
[PlyCount "80"]

1.d4 Nf6 2.c4 e6 3.Nc3 Bb4 4.g3 O-O 5.Bg2 d5 6.Nf3 c5 7.cxd5 Nxd5 8.Bd2 
Nc6 9.dxc5 Nxc3 10.bxc3 Bxc5 11.O-O e5 12.Qc2 f6 13.Rab1 Qe7 14.Nh4 Rd8 
15.Be4 g6 16.Bh6 f5 17.Bh1 e4 18.Qc1 Qf7 19.Bg5 Re8 20.Be3 Bxe3 21.Qxe3 
Be6 22.Ng2 Bxa2 23.Rb2 Ne5 24.Qd4 b6 25.Ra1 Bc4 26.Qe3 Rad8 27.Qh6 Rd7 28.
Ne3 Red8 29.Bg2 Be6 30.f3 exf3 31.Bxf3 Nxf3+ 32.exf3 Qg7 33.Qxg7+ Kxg7 34.
c4 Rc8 35.Rc2 Rc5 36.Rca2 Rcc7 37.Rc2 g5 38.Ra4 Kf6 39.f4 gxf4 40.gxf4 Rd4
0-1

[Event "23rd EUR-ch"]
[Site "Vrnjacka Banja SRB"]
[Date "2023.03.09"]
[Round "7.179"]
[White "Biyiksiz, Ali Batuhan"]
[Black "Khandelwal, Ankush"]
[Result "1-0"]
[WhiteElo "1994"]
[BlackElo "2255"]
[EventDate "2023.03.03"]
[PlyCount "99"]

1.d4 Nf6 2.c4 g6 3.Nc3 Bg7 4.e4 d6 5.Nf3 O-O 6.h3 Na6 7.Bg5 h6 8.Be3 e5 9.
d5 Nc5 10.Nd2 Nh7 11.b4 Na6 12.a3 f5 13.f3 f4 14.Bf2 c5 15.dxc6 bxc6 16.
Qa4 c5 17.Nb3 Rb8 18.b5 Nc7 19.O-O-O Ne6 20.Nxc5 Nd4 21.Nb3 Be6 22.Nxd4 
exd4 23.Bxd4 Bxd4 24.Rxd4 Qf6 25.Qd1 a6 26.Kb2 axb5 27.cxb5 Rfc8 28.Qd2 
Nf8 29.Rxd6 Rc5 30.Be2 Rbc8 31.Rc1 Qe7 32.Qd4 Qa7 33.Rd8 Rxd8 34.Qxd8 Rc8 
35.Qd2 Ra8 36.Qd6 Bf7 37.b6 Rb8 38.Nd5 Bxd5 39.Qxd5+ Kh7 40.Rc6 Rxb6+ 41.
Rxb6 Qxb6+ 42.Qb3 Qd4+ 43.Kc2 Nd7 44.Qf7+ Kh8 45.Qd5 Qa7 46.Bb5 Nf6 47.
Qd8+ Kg7 48.a4 g5 49.Qd2 Qc7+ 50.Kb3 1-0

[Event "23rd EUR-ch"]
[Site "Vrnjacka Banja SRB"]
[Date "2023.03.09"]
[Round "7.180"]
[White "Gallana, Marco"]
[Black "Vasilkov, Nikolai"]
[Result "1-0"]
[WhiteElo "2250"]
[BlackElo "1931"]
[EventDate "2023.03.03"]
[PlyCount "97"]

1.c4 e6 2.g3 Nf6 3.Bg2 d5 4.Nf3 Be7 5.O-O O-O 6.b3 Nbd7 7.Nc3 c6 8.Bb2 b6 
9.d4 Ba6 10.Nd2 b5 11.e4 bxc4 12.e5 Ne8 13.Re1 Rb8 14.Na4 Bb5 15.Nc3 cxb3 
16.Nxb5 Rxb5 17.axb3 Qb8 18.Bf1 Rb6 19.Bd3 Bb4 20.Bc2 c5 21.Re3 c4 22.Nf3 
Be7 23.Bc1 cxb3 24.Rxb3 Rxb3 25.Bxb3 g6 26.h4 Ng7 27.Bc2 Rc8 28.Kg2 Nf8 
29.Bd3 Rc3 30.Be3 Nf5 31.Bxf5 exf5 32.Qa4 Rc7 33.h5 Ne6 34.Qa2 Rd7 35.Rb1 
Qd8 36.Rb5 a6 37.Ra5 Nc7 38.Qa4 Ne6 39.Rxa6 Rc7 40.Qa2 Qd7 41.Ra8+ Bd8 42.
h6 Rc4 43.Qa6 Rc6 44.Qa4 Rc7 45.Qxd7 Rxd7 46.Bg5 Kf8 47.Bf6 Re7 48.Ng5 Re8
49.Nxe6+ 1-0

[Event "23rd EUR-ch"]
[Site "Vrnjacka Banja SRB"]
[Date "2023.03.09"]
[Round "7.181"]
[White "Orian, Noga"]
[Black "Todorovic, Bojan"]
[Result "1/2-1/2"]
[WhiteElo "1957"]
[BlackElo "2249"]
[EventDate "2023.03.03"]
[PlyCount "90"]

1.d4 Nf6 2.c4 c5 3.d5 g6 4.e4 d6 5.Nc3 Bg7 6.Be2 O-O 7.Be3 e6 8.Nf3 exd5 
9.cxd5 Na6 10.Nd2 Nc7 11.a4 b6 12.O-O Re8 13.Re1 Nd7 14.Bf4 Ne5 15.Bg3 h5 
16.h3 Qg5 17.Kh1 f5 18.exf5 Bxf5 19.Nde4 Qd8 20.Qd2 Nf7 21.Bd3 Be5 22.f4 
Bg7 23.Nf2 Qd7 24.Bh4 Bxd3 25.Qxd3 Qf5 26.Nfe4 Kf8 27.Rad1 a6 28.Qf3 b5 
29.Ng5 Nxg5 30.Bxg5 Rxe1+ 31.Rxe1 Re8 32.Rxe8+ Nxe8 33.axb5 axb5 34.Qe2 
Bf6 35.g4 Qd7 36.Qxb5 Qxb5 37.Nxb5 Bxb2 38.gxh5 gxh5 39.f5 Be5 40.Kg2 Ng7 
41.Bh6 Kf7 42.Bxg7 Kxg7 43.Kf3 Kf6 44.Ke4 c4 45.Na3 c3 1/2-1/2

[Event "23rd EUR-ch"]
[Site "Vrnjacka Banja SRB"]
[Date "2023.03.09"]
[Round "7.182"]
[White "Ravic, Nenad"]
[Black "Senel, Hayri Beyhun"]
[Result "1/2-1/2"]
[WhiteElo "2238"]
[BlackElo "1904"]
[EventDate "2023.03.03"]
[PlyCount "52"]

1.e4 c5 2.Nf3 a6 3.c4 Nc6 4.d4 cxd4 5.Nxd4 e5 6.Nf5 d6 7.Ne3 g6 8.Nd5 Be6 
9.Nbc3 Bg7 10.Bd3 Nge7 11.Bg5 Bxd5 12.Nxd5 Qa5+ 13.Bd2 Qd8 14.O-O Nxd5 15.
cxd5 Nd4 16.Qa4+ b5 17.Qa3 O-O 18.Ba5 Qd7 19.Bb4 Rfd8 20.Qa5 f5 21.Kh1 Bh6
22.Rae1 fxe4 23.Bxe4 Rac8 24.Bc3 Qa7 25.b3 Rf8 26.Bb2 Rc7 1/2-1/2

[Event "23rd EUR-ch"]
[Site "Vrnjacka Banja SRB"]
[Date "2023.03.09"]
[Round "7.183"]
[White "Krzywda, Andrzej"]
[Black "Alfirevic, Duje"]
[Result "1-0"]
[WhiteElo "2235"]
[BlackElo "1924"]
[EventDate "2023.03.03"]
[PlyCount "69"]

1.d4 Nf6 2.c4 e6 3.Nf3 d5 4.cxd5 exd5 5.Qc2 Bd6 6.Nc3 O-O 7.Bg5 c6 8.e3 h6
9.Bh4 Re8 10.Bd3 Nbd7 11.O-O Nf8 12.Rab1 a5 13.a3 Bg4 14.Nd2 Bh5 15.Bg3 
Bg6 16.Rfe1 Bxd3 17.Qxd3 Ne6 18.Nf3 Bxg3 19.hxg3 Ng5 20.Nd2 Qd6 21.Rec1 
Nge4 22.Ncxe4 dxe4 23.Qb3 Ng4 24.Rc5 Qf6 25.Rf1 Re7 26.Qc2 Rae8 27.Nc4 a4 
28.Qxa4 b5 29.Qd1 Qg6 30.Nd2 Re6 31.b3 Rf6 32.Qe2 Rc8 33.f3 exf3 34.Rxf3 
Re6 35.Rcf5 1-0

[Event "23rd EUR-ch"]
[Site "Vrnjacka Banja SRB"]
[Date "2023.03.09"]
[Round "7.184"]
[White "Kochavi, Dana"]
[Black "Miletic, Vuk"]
[Result "1/2-1/2"]
[WhiteElo "1929"]
[BlackElo "2231"]
[EventDate "2023.03.03"]
[PlyCount "136"]

1.e4 c5 2.Nf3 Nc6 3.Bb5 g6 4.O-O Bg7 5.Re1 e5 6.b4 Nxb4 7.Bb2 a6 8.a3 axb5
9.axb4 Rxa1 10.Bxa1 d6 11.bxc5 Ne7 12.cxd6 Qxd6 13.d4 exd4 14.Bxd4 O-O 15.
Nc3 Bxd4 16.Qxd4 Qxd4 17.Nxd4 b4 18.Nd5 Nxd5 19.exd5 Rd8 20.Kf1 Rxd5 21.
Re8+ Kg7 22.Rxc8 Rxd4 23.Rc7 Rd1+ 24.Ke2 Rc1 25.Kd2 Rf1 26.Ke2 Rc1 27.Kd2 
Rh1 28.h3 Rh2 29.Ke2 Rxg2 30.Rc4 Rg5 31.Rxb4 Rh5 32.Rxb7 Rxh3 33.Rc7 Kf6 
34.Kf1 Ke6 35.Kg2 Rh5 36.Rc6+ Kd7 37.Rc3 Rf5 38.Rd3+ Ke6 39.Rc3 Kd6 40.
Rd3+ Rd5 41.Rf3 Rg5+ 42.Kh2 Ke6 43.Rc3 Rf5 44.Kg2 h5 45.Re3+ Kf6 46.Rc3 g5
47.Rc6+ Ke5 48.Rc5+ Ke6 49.Rc6+ Kd5 50.Ra6 Kc4 51.Rc6+ Kb5 52.Rc8 f6 53.
Rh8 h4 54.Rf8 Rf4 55.Rg8 Kb4 56.Rb8+ Kc3 57.Rc8+ Rc4 58.Rf8 Rc6 59.f4 g4 
60.f5 Kxc2 61.Rh8 h3+ 62.Kg3 Rc4 63.Rh6 Kd2 64.Rxf6 Ke2 65.Ra6 Kf1 66.Ra1+
Ke2 67.Ra2+ Ke3 68.f6 Rc6 1/2-1/2

[Event "23rd EUR-ch"]
[Site "Vrnjacka Banja SRB"]
[Date "2023.03.09"]
[Round "7.185"]
[White "Shadyev, Damir"]
[Black "Braun, Christian"]
[Result "0-1"]
[WhiteElo "1712"]
[BlackElo "2449"]
[EventDate "2023.03.03"]
[PlyCount "82"]

1.e4 d6 2.d4 g6 3.Nc3 Bg7 4.Be3 c6 5.a4 Nf6 6.f3 Qa5 7.Qd2 Nbd7 8.h4 h5 9.
Nh3 e5 10.dxe5 dxe5 11.Ng5 O-O 12.Bc4 Qb4 13.b3 Nb6 14.Be2 a5 15.Nb1 Qxd2+
16.Nxd2 Nfd7 17.Nc4 Nxc4 18.Bxc4 Bf6 19.Ke2 Be7 20.c3 Kg7 21.Rhb1 Nc5 22.
Bxc5 Bxc5 23.b4 axb4 24.cxb4 Bd4 25.Ra2 f6 26.Ne6+ Bxe6 27.Bxe6 f5 28.exf5
gxf5 29.b5 Rf6 30.Bd7 c5 31.a5 c4 32.Ra4 Rd8 33.Bc6 bxc6 34.b6 c3 35.b7 
Ba7 36.Rc4 Rfd6 37.Rxc3 Rd2+ 38.Ke1 Rxg2 39.Rbb3 Rg1+ 40.Ke2 Rdd1 41.Rb6 
Bxb6 0-1

[Event "23rd EUR-ch"]
[Site "Vrnjacka Banja SRB"]
[Date "2023.03.09"]
[Round "7.186"]
[White "Kanov, Nikola"]
[Black "Krunic, Dusan"]
[Result "0-1"]
[WhiteElo "2392"]
[BlackElo "2116"]
[EventDate "2023.03.03"]
[PlyCount "78"]

1.e4 c6 2.d4 d5 3.Nc3 dxe4 4.Nxe4 Nf6 5.Nxf6+ exf6 6.c3 Bd6 7.Bd3 O-O 8.
Ne2 Re8 9.O-O Na6 10.Ng3 Nc7 11.Qf3 g6 12.Bh6 Be6 13.Ne4 Be7 14.Qg3 Bd5 
15.Rae1 Ne6 16.f4 Bxe4 17.Rxe4 f5 18.Re2 Bh4 19.Qf3 c5 20.d5 Nc7 21.c4 Qd7
22.Re5 Re7 23.Qe3 b6 24.Rxe7 Bxe7 25.Qe5 Ne8 26.Qe2 Bf6 27.g4 Nd6 28.gxf5 
Re8 29.Qg4 Re3 30.Rf3 Qe8 31.fxg6 hxg6 32.Kg2 Bd4 33.f5 Rxd3 34.Rxd3 Nxf5 
35.Bd2 Qa4 36.b3 Qxa2 37.Qe2 a5 38.Rh3 Bg7 39.Kh1 Qa1+ 0-1

[Event "23rd EUR-ch"]
[Site "Vrnjacka Banja SRB"]
[Date "2023.03.09"]
[Round "7.187"]
[White "Todev, Simeon"]
[Black "Bournel, Antoine"]
[Result "0-1"]
[WhiteElo "2119"]
[BlackElo "2377"]
[EventDate "2023.03.03"]
[PlyCount "86"]

1.e4 e5 2.Nf3 Nc6 3.Bc4 Nf6 4.d3 Bc5 5.O-O d6 6.h3 a6 7.c3 Ba7 8.Re1 O-O 
9.Bb3 h6 10.Nbd2 Re8 11.Nf1 Be6 12.Bxe6 Rxe6 13.Ng3 d5 14.Be3 Bxe3 15.Rxe3
Qd7 16.Re2 Rd8 17.Qc2 Ree8 18.Rae1 dxe4 19.dxe4 Qe6 20.b3 Rd6 21.Nf5 Rd7 
22.Rd2 Rxd2 23.Nxd2 Rd8 24.Ng3 b5 25.Ndf1 Qd6 26.Ne3 Qd2 27.Qb1 Qd3 28.Qc1
Nxe4 29.Nxe4 Qxe4 30.Ng4 Qf4 31.Qa3 Qd2 32.Re3 Qd1+ 33.Kh2 Qd6 34.Qxd6 
cxd6 35.Rd3 f6 36.Ne3 Kf7 37.Nd5 Rd7 38.Nb6 Rd8 39.Nd5 Nb8 40.c4 bxc4 41.
bxc4 Nd7 42.Rd2 Rc8 43.Ne3 Ke6 0-1

[Event "23rd EUR-ch"]
[Site "Vrnjacka Banja SRB"]
[Date "2023.03.09"]
[Round "7.188"]
[White "Todorovic, Goran N."]
[Black "Hamiti, Gani"]
[Result "1-0"]
[WhiteElo "2296"]
[BlackElo "2112"]
[EventDate "2023.03.03"]
[PlyCount "59"]

1.c4 e5 2.Nc3 Nc6 3.Nf3 Nf6 4.d3 Bb4 5.Bd2 d6 6.g3 O-O 7.Bg2 h6 8.O-O Bg4 
9.h3 Be6 10.a3 Bc5 11.b4 Bb6 12.Na4 a6 13.Nxb6 cxb6 14.Bc3 Qd7 15.Kh2 Nh7 
16.Qd2 f5 17.e3 Qf7 18.Rfc1 Ng5 19.Nxg5 hxg5 20.f4 gxf4 21.gxf4 Rfe8 22.
Rg1 Qh5 23.Qf2 Re7 24.Bf3 Qe8 25.Rg5 Qd7 26.Rag1 d5 27.Qh4 e4 28.Rh5 Kf8 
29.Rh8+ Bg8 30.Qh7 1-0

[Event "23rd EUR-ch"]
[Site "Vrnjacka Banja SRB"]
[Date "2023.03.09"]
[Round "7.189"]
[White "Krasteva, Beloslava"]
[Black "Leskovac, Nikola"]
[Result "1-0"]
[WhiteElo "2292"]
[BlackElo "2103"]
[EventDate "2023.03.03"]
[PlyCount "77"]

1.d4 d5 2.c4 c6 3.Nc3 Nf6 4.cxd5 cxd5 5.Bf4 Bf5 6.e3 Nc6 7.Qb3 Qd7 8.Nf3 
e6 9.Ne5 Qc8 10.Rc1 Be7 11.Bb5 O-O 12.O-O Nh5 13.Ne2 Nxf4 14.Nxf4 Bd6 15.
Bxc6 bxc6 16.Rxc6 Qd8 17.Qc3 f6 18.Ned3 g5 19.Ne2 Qd7 20.Rc1 Rab8 21.b3 
Rb7 22.Ng3 Bg6 23.Ra6 Bxd3 24.Qxd3 Rc7 25.Rxc7 Qxc7 26.Qb5 Rc8 27.Nf1 Rd8 
28.Rc6 Qd7 29.Qa6 Kf7 30.Nd2 Ke7 31.Nb1 e5 32.Nc3 Qe6 33.Nb5 exd4 34.Nxd4 
Qe4 35.Rc1 Rd7 36.Qc8 Qg4 37.h3 Qe4 38.Nc6+ Ke6 39.Qg8+ 1-0

[Event "23rd EUR-ch"]
[Site "Vrnjacka Banja SRB"]
[Date "2023.03.09"]
[Round "7.190"]
[White "Remolar Gallen, Jose"]
[Black "Korkmaz, Necmettin"]
[Result "1-0"]
[WhiteElo "2290"]
[BlackElo "2106"]
[EventDate "2023.03.03"]
[PlyCount "93"]

1.d4 d5 2.c4 c6 3.Nc3 Nf6 4.Nf3 e6 5.e3 Nbd7 6.Qc2 Be7 7.b3 O-O 8.Bd3 b6 
9.Bb2 Bb7 10.Rd1 Qc7 11.O-O Rac8 12.Ne5 Nxe5 13.dxe5 Ng4 14.Bxh7+ Kh8 15.
Rd4 f5 16.h3 Nxe5 17.f4 Nxc4 18.bxc4 Kxh7 19.g4 dxc4 20.Rfd1 Rcd8 21.Rxd8 
Bxd8 22.Ne2 c5 23.Ng3 Bh4 24.gxf5 Rd8 25.fxe6+ Kg8 26.Rxd8+ Qxd8 27.Qg6 
Bf6 28.Qf7+ Kh7 29.Qh5+ Kg8 30.Qf7+ Kh7 31.Bxf6 Qxf6 32.Qxb7 Qxe6 33.Qe4+ 
Qg6 34.Kf2 c3 35.Ke2 b5 36.Kd3 b4 37.h4 a5 38.h5 Qxe4+ 39.Nxe4 Kh6 40.Ng3 
g6 41.hxg6 Kxg6 42.e4 Kf6 43.Ne2 Ke6 44.Nxc3 Kd6 45.Nd5 Kc6 46.f5 Kd6 47.
Nb6 1-0

[Event "23rd EUR-ch"]
[Site "Vrnjacka Banja SRB"]
[Date "2023.03.09"]
[Round "7.191"]
[White "Leszko, Bence"]
[Black "Kosovic, Miroslav"]
[Result "1-0"]
[WhiteElo "2283"]
[BlackElo "2100"]
[EventDate "2023.03.03"]
[PlyCount "107"]

1.e4 c5 2.Nf3 Nc6 3.Bb5 g6 4.O-O Bg7 5.c3 Nf6 6.Qa4 O-O 7.d4 cxd4 8.cxd4 
Ne8 9.Nc3 Nc7 10.Be2 d5 11.e5 a6 12.h3 b5 13.Qd1 Ne6 14.Be3 f6 15.exf6 
exf6 16.Qd2 Re8 17.Rac1 Ne7 18.Bd1 Nf8 19.Ne1 Be6 20.Nd3 Bf7 21.a4 Qb6 22.
Nc5 b4 23.Ne2 Nf5 24.Bf4 a5 25.Bb3 Ra7 26.Ng3 Nd6 27.Bxd6 Qxd6 28.Rfe1 
Rae7 29.Rxe7 Qxe7 30.Nd3 Qd8 31.Re1 Rxe1+ 32.Qxe1 Ne6 33.Qe3 Qd6 34.Ne2 f5
35.f4 h6 36.Ne5 Be8 37.Qc1 Kh7 38.Qc8 Nc7 39.h4 Bf6 40.h5 Bh4 41.hxg6+ 
Bxg6 42.Nxg6 Kxg6 43.Qg8+ Kf6 44.g3 Qe7 45.Kf2 Qe4 46.gxh4 Ne6 47.Qh8+ Ke7
48.Qe5 Qh1 49.Bxd5 Qxh4+ 50.Ke3 Qf6 51.Bxe6 Qxe6 52.d5 Qxe5+ 53.fxe5 h5 
54.Kf4 1-0

[Event "23rd EUR-ch"]
[Site "Vrnjacka Banja SRB"]
[Date "2023.03.09"]
[Round "7.192"]
[White "Ozsakallioglu, Okan"]
[Black "Sekelja, Marko"]
[Result "1-0"]
[WhiteElo "2264"]
[BlackElo "2089"]
[EventDate "2023.03.03"]
[PlyCount "83"]

1.e4 c6 2.d4 d5 3.Nc3 dxe4 4.Nxe4 Bf5 5.Ng3 Bg6 6.h4 h6 7.Nf3 Nd7 8.h5 Bh7
9.Bd3 Bxd3 10.Qxd3 e6 11.Bd2 Ngf6 12.O-O-O Be7 13.Qe2 O-O 14.Kb1 c5 15.
dxc5 Bxc5 16.Ne4 Nxe4 17.Qxe4 Nf6 18.Qxb7 Rb8 19.Qc6 Qe7 20.Bf4 Rfc8 21.
Qa6 Rb7 22.Bd6 Bxd6 23.Qxd6 Qe8 24.Qa6 Rcb8 25.b3 Ne4 26.Rd4 Nc3+ 27.Kb2 
Nb5 28.Rc4 Qe7 29.Rd1 Qf6+ 30.c3 Qf5 31.Rd2 Qxh5 32.g4 Qh1 33.Ne5 Qe1 34.
Nf3 Qh1 35.Rc8+ Kh7 36.Qc6 Qf1 37.Rxb8 Rxb8 38.c4 Rb6 39.Qc5 Qh1 40.Qe3 
Nd6 41.Qd3+ f5 42.c5 1-0

[Event "23rd EUR-ch"]
[Site "Vrnjacka Banja SRB"]
[Date "2023.03.09"]
[Round "7.193"]
[White "Sredojevic, Ivan"]
[Black "Jeremic, Milan"]
[Result "1-0"]
[WhiteElo "2255"]
[BlackElo "2052"]
[EventDate "2023.03.03"]
[PlyCount "51"]

1.e4 c6 2.d4 d5 3.e5 a6 4.Bd3 c5 5.c3 Nc6 6.Ne2 g6 7.h3 Bg7 8.Nd2 e6 9.Nf3
Bd7 10.a3 cxd4 11.cxd4 Qb6 12.O-O Nge7 13.b4 Nf5 14.Bxf5 exf5 15.Nc3 Be6 
16.Bg5 O-O 17.Qd2 f6 18.exf6 Bxf6 19.Bxf6 Rxf6 20.Rac1 Re8 21.Rfe1 Qd8 22.
Qh6 Rff8 23.Ng5 Qd7 24.Na4 Qg7 25.Qxg7+ Kxg7 26.Nxe6+ 1-0

[Event "23rd EUR-ch"]
[Site "Vrnjacka Banja SRB"]
[Date "2023.03.09"]
[Round "7.194"]
[White "Zadravec, Matija"]
[Black "Pantic, Ivica"]
[Result "1-0"]
[WhiteElo "2248"]
[BlackElo "2091"]
[EventDate "2023.03.03"]
[PlyCount "73"]

1.e4 c5 2.Nc3 Nc6 3.Bb5 g6 4.Bxc6 bxc6 5.d3 Bg7 6.f4 d6 7.Nf3 Nh6 8.O-O 
O-O 9.Qe1 f5 10.e5 Nf7 11.Qe2 Qc7 12.Re1 Rb8 13.b3 Nd8 14.Na4 Ne6 15.Be3 
Rb4 16.Qf2 Nd8 17.Bd2 Rb8 18.Re2 Ba6 19.Rae1 Rb7 20.Bc3 Bb5 21.Qh4 Bxa4 
22.exd6 Qxd6 23.Bxg7 Kxg7 24.bxa4 Rf6 25.Kf1 h6 26.Ne5 Ne6 27.Qf2 Nd4 28.
Nc4 Qb8 29.Re5 Kf7 30.Rxc5 Ne6 31.Ne5+ Ke8 32.Rxc6 Rb4 33.g3 Rxa4 34.Nc4 
Kf7 35.Qe3 Qb7 36.Rxe6 Qh1+ 37.Kf2 1-0

[Event "23rd EUR-ch"]
[Site "Vrnjacka Banja SRB"]
[Date "2023.03.09"]
[Round "7.195"]
[White "Roebers, Jan"]
[Black "Blagojevic, Tijana"]
[Result "1/2-1/2"]
[WhiteElo "2113"]
[BlackElo "2238"]
[EventDate "2023.03.03"]
[PlyCount "100"]

1.e4 e5 2.Nf3 Nc6 3.Bb5 Nf6 4.d3 Bc5 5.c3 d5 6.Nbd2 O-O 7.O-O dxe4 8.dxe4 
a5 9.a4 Qe7 10.Re1 Rd8 11.Qc2 Nb8 12.Nb3 Bb6 13.Be3 Bxe3 14.Rxe3 Be6 15.
Rd1 Rxd1+ 16.Qxd1 c6 17.Bf1 Nbd7 18.h3 h6 19.Nfd2 Nc5 20.Nxc5 Qxc5 21.Qc2 
Nh7 22.g3 Nf6 23.Kg2 b5 24.b3 bxa4 25.bxa4 Rb8 26.Re1 Nd7 27.Be2 Qa3 28.
Bg4 Rb2 29.Qd3 Qa2 30.Bxe6 Rxd2 31.Bxa2 Rxd3 32.Rb1 Rxc3 33.Rb7 Ra3 34.
Bxf7+ Kxf7 35.Rxd7+ Kf8 36.Rc7 Rxa4 37.Ra7 c5 38.Rc7 Rc4 39.Kf3 a4 40.Ra7 
h5 41.g4 Rc3+ 42.Kg2 hxg4 43.hxg4 a3 44.f3 Kg8 45.g5 Kh7 46.Re7 a2 47.Ra7 
Kg6 48.Rxa2 Kxg5 49.Ra7 g6 50.Rf7 c4 1/2-1/2

[Event "23rd EUR-ch"]
[Site "Vrnjacka Banja SRB"]
[Date "2023.03.09"]
[Round "7.196"]
[White "Stankovic, Boris"]
[Black "Konstantinidis, Konstantinos"]
[Result "1-0"]
[WhiteElo "2208"]
[BlackElo "2047"]
[EventDate "2023.03.03"]
[PlyCount "71"]

1.e4 c5 2.Nf3 d6 3.d4 cxd4 4.Nxd4 Nf6 5.Nc3 Nc6 6.Bg5 e6 7.Qd2 a6 8.Nxc6 
bxc6 9.O-O-O Be7 10.Bxf6 gxf6 11.f4 O-O 12.f5 Kh8 13.Bd3 Rg8 14.Rdf1 Rb8 
15.Rf3 Rg7 16.Rg3 Qg8 17.Qf2 c5 18.Re1 Bb7 19.Bc4 Rg5 20.Ree3 Bc8 21.h4 
Rg7 22.a3 a5 23.Kb1 Bd7 24.Ne2 e5 25.Nc3 Bc6 26.Bd5 Bd7 27.Rxg7 Qxg7 28.
Rg3 Qf8 29.Qf3 Bd8 30.Qh5 Be8 31.Nd1 a4 32.Ne3 Ba5 33.Ng4 Qg7 34.Bc4 Bc7 
35.Qh6 d5 36.Nxf6 1-0